Hindī bhāshā kā saṅkshipta itihāsa / (Record no. 81680)

MARC details
000 -LEADER
fixed length control field 00826cam a22002534a 4500
001 - CONTROL NUMBER
control field sa 68007167
003 - CONTROL NUMBER IDENTIFIER
control field DLC
005 - DATE AND TIME OF LATEST TRANSACTION
control field 20260227112521.0
008 - FIXED-LENGTH DATA ELEMENTS--GENERAL INFORMATION
fixed length control field 890724s1967 ii b 000 0 hino
010 ## - LIBRARY OF CONGRESS CONTROL NUMBER
LC control number sa 68007167
035 ## - SYSTEM CONTROL NUMBER
System control number (OCoLC)20061115
040 ## - CATALOGING SOURCE
Original cataloging agency DLC
Transcribing agency DLC
050 00 - LIBRARY OF CONGRESS CALL NUMBER
Classification number PK1931
Item number .V22
100 1# - MAIN ENTRY--PERSONAL NAME
Personal name Vaiśya, Gāyatrī,
Dates associated with a name 1925-
245 10 - TITLE STATEMENT
Title Hindī bhāshā kā saṅkshipta itihāsa /
Statement of responsibility, etc. Gāyatrī Vaiśya ; Rādheśyāma Śarmā.
250 ## - EDITION STATEMENT
Edition statement 1. saṃskaraṇa.
260 ## - PUBLICATION, DISTRIBUTION, ETC.
Place of publication, distribution, etc. Jayapura :
Name of publisher, distributor, etc. Prakāśa Pabliśarsa,
Date of publication, distribution, etc. 1967.
300 ## - PHYSICAL DESCRIPTION
Extent 176 p. ;
Dimensions 18 cm.
546 ## - LANGUAGE NOTE
Language note In Hindi.
500 ## - GENERAL NOTE
General note "Rājasthāna Viśva-vidyālaya kī Bī. E. kakshāoṃ ke liye."
504 ## - BIBLIOGRAPHY, ETC. NOTE
Bibliography, etc. note Includes bibliographical references.
650 #0 - SUBJECT ADDED ENTRY--TOPICAL TERM
Topical term or geographic name entry element Hindi language
General subdivision History
Form subdivision Textbooks.
700 1# - ADDED ENTRY--PERSONAL NAME
Personal name Śarmā, Rādheśyāma,
Dates associated with a name 1937-

No items available.

Powered by Koha